000 00806nac a22002171u 4500
020 _a9780750684613
082 _a658.8
_bWIL
090 _c8674
_d8674
100 _aHughes, Graham
245 _aMarketing communications 2007-2008/
_cGraham Hughes, Chris Fill and the Chartered Institute of marketing
260 _aBoston:
_bButterworth-Heinemann,2007
_c2007
300 _a316p.:
_bill.;
_c30 cm.
440 _aThe official CIM coursebook
500 _adistributer: Baccah
500 _aIncludes index
511 _aCatalogued by: wessam
650 _acommunications in Marketing
710 _aThe Chartered Institute of marketing
942 _cBB
_k658.8HUG
999 _c8674
_d8674